| 000 | 00764nam a2200253Ia 4500 | ||
|---|---|---|---|
| 003 | OSt | ||
| 005 | 20221005035649.0 | ||
| 006 | a|||||r|||| 00| 0 | ||
| 007 | ta | ||
| 008 | 221004b |||||||| |||| 00| 0 urd d | ||
| 020 |
_a8189461370 (hbk) _c250 |
||
| 024 | _a27098 | ||
| 037 |
_b4621, 31/12/2015, Kitabi Duniya _cTextual |
||
| 040 |
_aCRL _cCRL _burd |
||
| 041 |
_2urd _aurd |
||
| 082 | _aAwD973, 168P7 | ||
| 100 |
_aVirk. Mohammad Zakaria Ed. _9588495 |
||
| 245 | 0 | _aNamvar science dan aburehan alberuni | |
| 260 |
_aDelhi _bKitabi Duniya. India _c2007 |
||
| 300 |
_a308p. _ccm. |
||
| 650 | _aSCIENCE | ||
| 942 |
_hAwD973, 168P7 _cTEXL _2cc |
||
| 999 |
_c945564 _d945564 |
||